Statystyki dla Tabela medalowa Zimowych Igrzysk Olimpijskich z 2018 roku

Kliknij tutaj aby rozwiązać quiz!

Ogólne statystyki

  • Ten quiz został rozwiązany 10 860 razy
  • Średni wynik to 8 z 10

Statystyki odpowiedzi

ZSBŁączniePaństwo% Poprawnych
98623Stany Zjednoczone
97%
1410731Niemcy
92%
1181029Kanada
88%
54615Francja
87%
14141139Norwegia
85%
76114Szwecja
84%
53614Austria
66%
56415Szwajcaria
62%
86620Holandia
48%
58417Korea Południowa
48%

Rozkład punktacji

Percentyl według liczby udzielonych odpowiedzi

Procent ludzi z każdym wynikiem

Twoja historia wyników

Nie rozwiązałeś tego quizu